Central Library OPAC University of Rajshahi

An introduction to town planning techniques / (Record no. 16706)

MARC details
000 -LEADER
fixed length control field 00772nam a2200265 4500
001 - CONTROL NUMBER
control field 16706
003 - CONTROL NUMBER IDENTIFIER
rucl marc code BD-RjUL
005 - DATE AND TIME OF LATEST TRANSACTION
control field 20211209000036.0
008 - FIXED-LENGTH DATA ELEMENTS--GENERAL INFORMATION
fixed length control field 140215s1974 enka b 001 0 eng
020 ## - INTERNATIONAL STANDARD BOOK NUMBER
International Standard Book Number 0091168902
-- 0091168910 (pbk.)
035 ## - SYSTEM CONTROL NUMBER
System control number (BD-RjUL)16761
040 ## - CATALOGING SOURCE
Original cataloging agency DLC
Transcribing agency DLC
Modifying agency DLC
Language of cataloging eng
041 ## - LANGUAGE CODE
Language code of text/sound track or separate title eng
082 00 - DEWEY DECIMAL CLASSIFICATION NUMBER
Classification number 309.262
Author mark and year ROI 1977
100 1# - MAIN ENTRY--PERSONAL NAME
Personal name Roberts, Margaret.
9 (RLIN) 51606
245 13 - TITLE STATEMENT
Title An introduction to town planning techniques /
Statement of responsibility, etc. Margaret Roberts
260 ## - PUBLICATION, DISTRIBUTION, ETC. (IMPRINT)
Place of publication, distribution, etc. London :
Name of publisher, distributor, etc. Hutchinson Educational,
Date of publication, distribution, etc. c1974 [Reprinted 1977].
300 ## - PHYSICAL DESCRIPTION
Pagination vii, 414 p. :
Illustrations ill. ;
Size 22 cm.
350 ## - PRICE (NR) (BK AM CF MU VM SE) [OBSOLETE]
Price £3.50
504 ## - BIBLIOGRAPHY, ETC. NOTE
Bibliography, etc Includes bibliographies and index.
650 #0 - SUBJECT ADDED ENTRY--TOPICAL TERM
Topical term or geographic name as entry element City planning.
9 (RLIN) 51607
942 ## - ADDED ENTRY ELEMENTS (KOHA)
Source of classification or shelving scheme Dewey Decimal Classification
Koha item type Books
Holdings
Lost status Source of classification or shelving scheme Damaged status Not for loan Collection code Permanent Location Current Location Shelving location Date acquired Source of acquisition Cost, normal purchase price Total Checkouts Full call number Date last seen Copy number Koha item type
  Dewey Decimal Classification   Not For Loan Non-fiction Central Library, University of Rajshahi Central Library, University of Rajshahi Reading Room 11/03/1980 Heffers 3.50   309.262 ROI 1977 15/02/2014 C-1 Books